Sports Quiz

Random Sports Quiz

Super Bowl Champions Quiz Stats

Quiz not verified by Sporcle

Challenge
Share
Tweet
Embed
Score 0/48 Timer 10:00
1 Play Today
Hint Answer % Correct
1966Green Bay Packers
98.6%
1967Green Bay Packers
98.6%
1996Green Bay Packers
98.6%
2010Green Bay Packers
98.6%
2001New England Patriots
98.2%
2003New England Patriots
98.2%
2004New England Patriots
98.2%
1978Pittsburgh Steelers
98%
1979Pittsburgh Steelers
98%
1974Pittsburgh Steelers
98%
1975Pittsburgh Steelers
98%
2005Pittsburgh Steelers
98%
2008Pittsburgh Steelers
98%
1971Dallas Cowboys
97.2%
1977Dallas Cowboys
97.2%
1986New York Giants
97.2%
1990New York Giants
97.2%
1992Dallas Cowboys
97.2%
1993Dallas Cowboys
97.2%
1995Dallas Cowboys
97.2%
2007New York Giants
97.2%
2011New York Giants
97.2%
1981San Francisco 49ers
95.9%
1984San Francisco 49ers
95.9%
Hint Answer % Correct
1988San Francisco 49ers
95.9%
1989San Francisco 49ers
95.9%
1994San Francisco 49ers
95.9%
1997Denver Broncos
95.5%
1998Denver Broncos
95.5%
2000Baltimore Ravens
95.5%
2012Baltimore Ravens
95.5%
2006Indianapolis Colts
95.2%
1968New York Jets
95%
1970Baltimore Colts
94.9%
1973Miami Dolphins
93.7%
1972Miami Dolphins
93.7%
1976Los Angeles Raiders
93.3%
1983Los Angeles Raiders
93.3%
1980Los Angeles Raiders
93.3%
1999St Louis Rams
92.6%
2009New Orleans Saints
92.4%
2013Seattle Seahawks
92.3%
1969Kansas City Chiefs
91%
1985Chicago Bears
91%
1982Washington Redskins
90.4%
1987Washington Redskins
90.4%
1991Washington Redskins
90.4%
2002Tampa Bay Buccaneers
88.7%

You're not logged in!

Compare scores with friends on all Sporcle quizzes.
Sign Up with Email
OR
Log In

You Might Also Like...

Show Comments

Extras

Top Quizzes Today


Score Distribution

Your Account Isn't Verified!

In order to create a playlist on Sporcle, you need to verify the email address you used during registration. Go to your Sporcle Settings to finish the process.